000
00238nam a2200097Ia 4500
005
20251222114343.0
008
251222s1900||||xx |||||||||||||| ||spa||
082
_a
DVD0192/V19/2001
245
0
_a
Charla: la objeción de conciencia:
942
_c
DVD
999
_c
925
_d
925